LEADER 00831nam0 2200229 450 001 000021014 005 20081230111504.0 100 $a20081230d1961----km-y0itay50------ba 101 0 $aeng 102 $aUS 105 $ay-------101zy 200 1 $aDesign of regional accounts$epapers presented at the conference on regional accounts, 1960, sponsored by the committee on regional accounts$fed. by W. Hochwald 210 $aBaltimore$cJohns Hopkins press$d1961 215 $aXX, 281 p.$d24 cm 500 10$aDesign of regional accounts$947893 702 1$aHochwald,$bWerner$4070 710 12$aConference on regional accounts$f<1961 ;$eSt. Louis>$0632677 801 0$aIT$bUNIPARTHENOPE$c20081230$gRICA$2UNIMARC 912 $a000021014 951 $a931/48$b4832$cNAVA2 996 $aDesign of regional accounts$947893 997 $aUNIPARTHENOPE LEADER 01127nam0 22002891i 450 001 RML0241983 005 20231121125707.0 010 $a8837111088 100 $a20121121d1999 ||||0itac50 ba 101 | $aita 102 $ait 181 1$6z01$ai $bxxxe 182 1$6z01$an 200 1 $aProgrammazione e controllo della produzione$eappunti delle lezioni del corso tenuto presso la Facoltà di Ingegneria dell'Università degli Studi di Ancona$fFilippo Gabrielli 210 $aBologna $cPitagora Editrice $dc1999 215 $axi, 533 p.$d24 cm 606 $aProduzione Gestione$2FIR$3RMLC399086$9I 676 $a658.5$9$v21 700 1$aGabrielli$b, Filippo$3RMLV155519$0520903 801 3$aIT$bIT-01$c20121121 850 $aIT-FR0099 899 $aBiblioteca Area Ingegneristica$bFR0099 912 $aRML0241983 950 0$aBiblioteca Area Ingegneristica$d 54DII 658.5 GAB$e 54VM 0000113115 VM barcode:BAIN000291. - Inventario:5249dVM$fA $h20011115$i20121204 977 $a 54 996 $aProgrammazione e controllo della produzione$93620927 997 $aUNICAS